Score 0/20 Timer 04:00
1 Play Today
% Correct
Michael Scott
95.9%
Michael Kelso
90%
Michael Knight
88.1%
Michael Dawson
87.4%
Mike Biggs
87.1%
Michael Scofield
86.5%
Mike Wheeler
84.8%
Michael Bluth
83.7%
Mike Flaherty
80.3%
Mike Seaver
79.6%
% Correct
Mike Brady
78.9%
Michael Dybinski
77.4%
Mike Faber
74.2%
Mike Stivic
72.7%
Mike McLintock
71.8%
Michael Evans
71.6%
Michael Mancini
69.9%
Michael Garibaldi
67.8%
Mike Douglas
65.8%
Michael Burnham
64.9%
Remove Ads.
Support Sporcle.
Get the best of Sporcle when you Go Orange. This ad-free experience offers more features, more stats, and more fun while also helping to support Sporcle. Thank you for becoming a member.

You're not logged in!

Compare scores with friends on all Sporcle quizzes.
OR
Log In

Show Comments

Extras

Top Quizzes Today


Score Distribution

Your Account Isn't Verified!

In order to create a playlist on Sporcle, you need to verify the email address you used during registration. Go to your Sporcle Settings to finish the process.

Report this User

Report this user for behavior that violates our Community Guidelines.

Details: